000 00542nam a2200205Ia 4500
008 140306s9999 xx 000 0 und d
020 _a9.7804397405e+012
050 _aPZ 8.3
_b.Sk6265My 2005
100 _aSklansky, Amy
245 _aMy daddy and me /
_cAmy Sklansky
260 _aUSA :
_bScholastic Inc,
_cc2005.
300 _a22 p. :
_bcol. Ill. ;
_c18 cm.
521 _aG1
526 _cBR
650 _aFather and child
_xFiction.
650 _aSeasons
_xFiction
650 _aStories in rhyme.
942 _cBK
999 _c42862
_d42862